Els Lusiades / (Record no. 38661)
[ view plain ]
| 000 -LEADER | |
|---|---|
| campo de control de longitud fija | 00597nam a2200193 i 4500 |
| 001 - NÚMERO DE CONTROL | |
| campo de control | 38661 |
| 003 - IDENTIFICADOR DE NÚMERO DE CONTROL | |
| campo de control | ES-MaACL |
| 005 - FECHA Y HORA DE LA ÚLTIMA TRANSACCIÓN | |
| campo de control | 20250820063028.0 |
| 007 - CAMPO FIJO DE DESCRIPCIÓN FÍSICA--INFORMACIÓN GENERAL | |
| campo de control de longitud fija | t| |
| 008 - DATOS DE LONGITUD FIJA--INFORMACIÓN GENERAL | |
| campo de control de longitud fija | 030226s1964 sp ||||1| cat d |
| 100 1# - ENTRADA PRINCIPAL--NOMBRE DE PERSONA | |
| Nombre de persona | Camões, Luís de, |
| Fechas asociadas al nombre | 1524?-1580 |
| 9 (RLIN) | 181622 |
| 245 14 - MENCIÓN DEL TÍTULO | |
| Título | Els Lusiades / |
| Mención de responsabilidad, etc. | Camoes ; traducció poética por Guillem Colom i Miquel Dols. |
| 260 ## - PUBLICACIÓN, DISTRIBUCIÓN, ETC. | |
| Lugar de publicación, distribución, etc. | Barcelona : |
| Nombre del editor, distribuidor, etc. | Alpha, |
| Fecha de publicación, distribución, etc. | 1964. |
| 300 ## - DESCRIPCIÓN FÍSICA | |
| Extensión | 415 p. : |
| Otras características físicas | 1 retr. aut. ; |
| Dimensiones | 21 cm. |
| 700 1# - ENTRADA AGREGADA--NOMBRE PERSONAL | |
| Nombre de persona | Colom, Guillem. |
| 9 (RLIN) | 39787 |
| 700 1# - ENTRADA AGREGADA--NOMBRE PERSONAL | |
| Nombre de persona | Dols, Miquel. |
| 9 (RLIN) | 45045 |
| 852 ## - LOCALIZACIÓN | |
| Ubicación | ES-MaACL |
| Número de control de estantería | C-25157 |
| Sublocalización o colección | R.53940 |
| Estatus retirado | Estado de pérdida | Estado de daño | No para préstamo | Biblioteca de origen | Biblioteca actual | Ubicación en estantería | Fecha de adquisición | Fuente de adquisición | Total de préstamos | Signatura topográfica completa | Código de barras | Visto por última vez | Precio de reemplazo | Tipo de ítem Koha |
|---|---|---|---|---|---|---|---|---|---|---|---|---|---|---|
| Biblioteca del Ateneo de Madrid | Biblioteca del Ateneo de Madrid | Depósito 2 | 17/01/2008 | C-25157 | 1040713 | 23/02/2023 | 23/02/2023 | Libro impreso |
